000 00695nam a2200241Ia 4500
003 OSt
005 20220928123924.0
006 a|||||r|||| 00| 0
007 ta
008 220927b |||||||| |||| 00| 0 eng d
024 _a54663
037 _cTextual
040 _aSDCL
_cSDCL
_beng
041 _2eng
_aeng
082 _aY:6.2'N6, L0
100 _aPanchanadikar K C
_9462305
245 0 _aDeterminants of social structure and social change in India
260 _aBombay
_bPopular Prakashan
_c1970
300 _axv,237p
_ccm.
700 _a Panchanadikar J
_9462306
942 _hY:6.2'N6, L0
_cTEXL
_2CC
999 _c775304
_d775304